[Event "AUTO-OPEN-95"]
[Site "http://www.queenalice.com/game.php?id=16407"]
[Date "2005.6.16"]
[Round "1"]
[White "marison"]
[Black "thalys"]
[Result "1-0"]
[WhiteElo "1532"]
[BlackElo "1617"]

1. e4 c5 2. Nf3 e6 3. e5 Nc6 4. Bb5 a6 5. Bxc6 bxc6 6. Nc3 d6 7. exd6 Bxd6 8. d4
cxd4 9. Qxd4 Nf6 10. Bg5 c5 11. Qd3 Bb7 12. O-O-O Bd5 13. Bxf6 Qxf6 14. Nxd5
Bf4+ 15. Kb1 exd5 16. Qxd5 O-O 17. Qxc5 Rab8 18. c3 Rfc8 19. Qd4 Qg6+ 20. Ka1
Qc2 21. Rb1 Rd8 22. Qxf4 Rb5 23. Nd4 Qa4 24. b3 Qa5 25. Nxb5 axb5 26. Qb4 Qa8
27. f3 Rd2 28. Rb2 h6 29. Rxd2 Qe8 30. Rhd1 Kh7 31. Rd8 Qe2 32. Qe4+ Qxe4 33.
fxe4 f6 34. R1d5 Kg6 35. Rxb5 h5 36. h4 Kh6 37. a4 Kg6 38. e5 fxe5 39. Rxe5 Kf6
40. Rxh5 g6 41. Rg5 Kf7 42. Rd6 Ke7 43. Rgxg6 Kf7 44. h5 Ke7 45. Ra6 Kf7 46.
Rgb6 Ke7 47. Ra7+ Kd8 48. Rb8# 1-0

[Event "AUTO-OPEN-95"]
[Site "http://www.queenalice.com/game.php?id=16408"]
[Date "2005.6.16"]
[Round "1"]
[White "thalys"]
[Black "msmeyer"]
[Result "0-1"]
[WhiteElo "1525"]
[BlackElo "1440"]

1. e4 c5 2. Nf3 e6 3. h3 d6 4. Nc3 a6 5. d4 b6 6. Bd3 Nc6 7. O-O cxd4 8. Ne2 Nf6
9. Bg5 h6 10. Bh4 g5 11. Bg3 Bd7 12. Nexd4 e5 13. Nxc6 Bxc6 14. Re1 Bb5 15. c4
Bc6 16. b3 Be7 17. h4 g4 18. Nh2 Rg8 19. f3 gxf3 20. Nxf3 Rxg3 21. a4 Nh5 22.
Kh2 Rg4 23. Kh3 Qd7 24. Kh2 Bxh4 25. Nxh4 Rxh4+ 26. Kg1 Ng3 27. Re3 Nh5 28. Rh3
Rxh3 29. gxh3 Qxh3 30. Qd2 Nf4 31. Bf1 Qg3+ 32. Bg2 Bxe4 33. Ra2 Nh3+ 34. Kf1
Bd3+ 35. Qe2 Bxe2+ 36. Rxe2 Nf4 37. Bc6+ Kd8 38. Bxa8 Nxe2 39. Kxe2 f5 0-1

[Event "AUTO-OPEN-95"]
[Site "http://www.queenalice.com/game.php?id=16409"]
[Date "2005.6.16"]
[Round "1"]
[White "msmeyer"]
[Black "thalys"]
[Result "0-1"]
[WhiteElo "1442"]
[BlackElo "1642"]

1. e4 c5 2. c4 e6 3. d3 Nc6 4. a3 Qc7 5. f4 a6 6. Nf3 d5 7. exd5 Bd6 8. dxe6
fxe6 9. Nc3 Nf6 10. Be2 O-O 11. Be3 Bxf4 12. Bxc5 Ng4 13. Bxf8 Kxf8 14. h3 Ne3
15. Qa4 Nxg2+ 16. Kf2 Nd4 17. Nxd4 Nh4 18. Bg4 b5 19. Qd1 Qb7 20. Bxe6 Qg2+ 21.
Ke1 Qxh1+ 22. Ke2 Qg2+ 23. Ke1 Bg3# 0-1

[Event "AUTO-OPEN-95"]
[Site "http://www.queenalice.com/game.php?id=16410"]
[Date "2005.6.16"]
[Round "1"]
[White "thalys"]
[Black "Pegasus"]
[Result "0-1"]
[WhiteElo "1474"]
[BlackElo "1580"]

1. e4 c5 2. Nf3 Nc6 3. h3 e5 4. c3 Nf6 5. d4 cxd4 6. cxd4 exd4 7. e5 Nd5 8. Nxd4
Nxe5 9. Bc4 Nxc4 10. O-O Bc5 11. Re1+ Ne7 12. Bg5 f6 13. Bxf6 O-O 14. Bxe7 Bxe7
15. Qb3 d5 16. Nc3 Nd2 17. Qc2 Nc4 18. Rxe7 Qxe7 19. b3 Nd6 20. Nxd5 Qd7 21. Re1
Nb5 22. Re7 Qxd5 23. Nxb5 Qxb5 24. Qe4 Bf5 25. Qh4 Rae8 26. Rc7 Re1+ 27. Kh2
Qe5+ 28. g3 Qxc7 0-1

[Event "AUTO-OPEN-95"]
[Site "http://www.queenalice.com/game.php?id=16411"]
[Date "2005.6.16"]
[Round "1"]
[White "Pegasus"]
[Black "thalys"]
[Result "1-0"]
[WhiteElo "1583"]
[BlackElo "1444"]

1. d4 e6 2. c4 d5 3. Nc3 c5 4. Nf3 cxd4 5. Nxd4 Nc6 6. Nxc6 bxc6 7. cxd5 cxd5 8.
Bf4 Bb4 9. Qa4+ Bd7 10. Qxb4 Rb8 11. Bxb8 Nf6 12. Bxa7 h6 13. Bc5 Ne4 14. Nxe4
dxe4 15. Qxe4 Qa5+ 16. Qb4 Qa8 17. e4 f6 18. Bb5 Bxb5 19. Qxb5+ Kf7 20. O-O Rb8
21. Qd7+ Kg6 22. Qxe6 Re8 23. Qg4+ Kh7 24. Rfe1 Re5 25. Bd4 Rg5 26. Qf4 f5 27.
f3 Qd8 28. exf5 Qd5 29. f6 Rf5 30. Qd2 Rg5 31. Re7 Qxf3 32. Qc2+ Rg6 33. Rxg7+
Kh8 34. Qc8# 1-0

[Event "AUTO-OPEN-99"]
[Site "http://www.queenalice.com/game.php?id=17645"]
[Date "2005.6.28"]
[Round "1"]
[White "Jaspode"]
[Black "thalys"]
[Result "1-0"]
[WhiteElo "1324"]
[BlackElo "1399"]

1. e4 c5 2. d4 cxd4 3. Qxd4 Nc6 4. Qd1 e6 5. a3 Qc7 6. Nf3 Bd6 7. g3 Nf6 8. Bd3
Ne5 9. Nxe5 Bxe5 10. Bg5 Bxb2 11. Ra2 Bc3+ 12. Nxc3 O-O 13. Bxf6 gxf6 14. Qg4+
Kh8 15. Ne2 Qa5+ 16. c3 Qxc3+ 17. Rd2 Rg8 18. Qf3 Qxa3 19. O-O b6 20. Rdd1 Bb7
21. Qxf6+ Rg7 22. Nf4 Rg8 23. Nh5 Qf8 24. Rb1 h6 25. Qxh6+ Rh7 26. Qf6+ Rgg7 27.
Nxg7 Rxg7 28. h4 Kg8 29. e5 Qc5 30. Qd8+ Qf8 31. Qxd7 Bd5 32. Qxa7 Qc5 33. Qb8+
Qf8 34. Qxb6 Qe7 35. Qd4 f5 36. exf6 Rxg3+ 37. fxg3 Qd6 38. f7+ Kf8 39. Qh8+ 1-0

[Event "AUTO-OPEN-99"]
[Site "http://www.queenalice.com/game.php?id=17646"]
[Date "2005.6.28"]
[Round "1"]
[White "thalys"]
[Black "Jaspode"]
[Result "0-1"]
[WhiteElo "1375"]
[BlackElo "1343"]

1. e4 e5 2. Nf3 d6 3. c3 Bg4 4. Be2 Bxf3 5. Bxf3 Nf6 6. d4 exd4 7. cxd4 c6 8.
O-O Be7 9. Re1 O-O 10. Nc3 Na6 11. Bg5 Qb6 12. e5 dxe5 13. dxe5 Nd5 14. Bxd5
Bxg5 15. Be4 Qxb2 16. Bxh7+ Kxh7 17. Qh5+ Bh6 18. Ne4 Nb4 19. Ng5+ Kg8 20. Rab1
Qc3 21. e6 Bxg5 22. Qxg5 fxe6 23. Re3 Qd4 24. Rg3 b5 25. h3 Qxf2+ 26. Kh2 Qd4
27. Rxb4 Qf6 28. Qe3 e5 29. Rbg4 Rf7 30. Qb3 Kf8 31. Qb4+ Kg8 32. Rg6 Qf4 33.
Qb3 Kh8 34. h4 Raf8 35. h5 Rf5 36. Qf3 Qxf3 37. Rxf3 Rxh5+ 38. Rh3 Rxh3+ 39.
Kxh3 c5 40. Rg5 Re8 41. Rh5+ Kg8 42. Kg4 c4 43. Kf3 e4+ 44. Ke3 a6 45. Rh4 c3
46. a3 c2 47. Kd2 Rc8 48. Rxe4 c1=Q+ 49. Ke2 Qxa3 50. Re3 Rc2+ 51. Kf3 Qf8+ 52.
Kg4 Rxg2+ 0-1

[Event "AUTO-OPEN-99"]
[Site "http://www.queenalice.com/game.php?id=17669"]
[Date "2005.6.28"]
[Round "1"]
[White "Mayaune"]
[Black "thalys"]
[Result "1-0"]
[WhiteElo "1496"]
[BlackElo "1432"]

1. e4 c5 2. Bc4 e6 3. d3 Nc6 4. c3 Qc7 5. Nh3 Bd6 6. O-O Bxh2+ 7. Kh1 Bd6 8. Bg5
f6 9. Bh4 Nge7 10. Qh5+ Ng6 11. f4 Bxf4 12. Nxf4 b6 13. Nxg6 hxg6 14. Qxh8+ Ke7
15. Qxg7+ Kd6 16. Bg3+ Ne5 17. Rxf6 Bb7 18. d4 cxd4 19. Bxe5+ Kxe5 20. Rxe6+ Kf4
21. Qh6+ Kg3 22. Rxg6+ Kf2 23. Qd2# 1-0

[Event "AUTO-OPEN-99"]
[Site "http://www.queenalice.com/game.php?id=17670"]
[Date "2005.6.28"]
[Round "1"]
[White "thalys"]
[Black "Mayaune"]
[Result "1-0"]
[WhiteElo "1408"]
[BlackElo "1515"]

1. e4 e5 2. Nf3 f5 3. c3 fxe4 4. Nxe5 Nf6 5. Bc4 d5 6. Bb3 c6 7. O-O Qd6 8. d4
Bg4 9. f3 Bh5 10. Ng4 Nbd7 11. Bg5 Be7 12. Nxf6+ gxf6 13. Be3 exf3 14. gxf3
O-O-O 15. Rf2 Qe6 16. Nd2 Qxe3 17. Nf1 Rhg8+ 18. Ng3 Bd6 19. Kf1 Bxg3 20. hxg3
Rxg3 21. Qe2 Rxf3 22. Rxf3 Qxe2+ 23. Kxe2 Re8+ 24. Kf2 Bxf3 25. Kxf3 Re4 26. Rg1
h5 27. Rg8+ Kc7 28. Bc2 Kb6 29. Bxe4 dxe4+ 30. Kxe4 h4 31. Rh8 c5 32. d5 a6 33.
b3 Ne5 34. Kf5 Kc7 35. Kxf6 Kd6 36. Rd8+ Kc7 37. Rh8 Ng4+ 38. Ke6 1-0

[Event "AUTO-OPEN-99"]
[Site "http://www.queenalice.com/game.php?id=17683"]
[Date "2005.6.28"]
[Round "1"]
[White "Checker"]
[Black "thalys"]
[Result "1-0"]
[WhiteElo "1437"]
[BlackElo "1427"]

1. e4 c5 2. d4 cxd4 3. Qxd4 Nc6 4. Qc4 e6 5. Nc3 a6 6. a4 Nf6 7. e5 Nxe5 8. Qd4
Nc6 9. Qh4 Bb4 10. Bd2 O-O 11. Nf3 Be7 12. Ng5 h6 13. Nge4 Nd4 14. O-O-O Nxe4
15. Qxe4 Nc6 16. f4 d5 17. Qe1 Bb4 18. g4 f5 19. h3 Nd4 20. gxf5 Nxf5 21. Ne2
Qb6 22. c3 Be7 23. h4 Bd7 24. Nd4 Nxd4 25. cxd4 Qxd4 26. b3 Qa1+ 27. Kc2 Rac8+
28. Bc3 Qa2+ 29. Kd3 Qxb3 30. Rb1 Qc4+ 31. Ke3 Bc5+ 32. Kd2 1-0

[Event "AUTO-OPEN-99"]
[Site "http://www.queenalice.com/game.php?id=17684"]
[Date "2005.6.28"]
[Round "1"]
[White "thalys"]
[Black "Checker"]
[Result "0-1"]
[WhiteElo "1411"]
[BlackElo "1453"]

1. e4 Nf6 2. e5 Nd5 3. d4 d6 4. exd6 cxd6 5. Nf3 Nc6 6. h3 e5 7. Bb5 a6 8. Ba4
b5 9. Bb3 Nf6 10. O-O Be7 11. Ng5 Be6 12. Nxe6 fxe6 13. Bg5 exd4 14. Bxe6 Ne4
15. Bxe7 Qxe7 16. Bd5 Rc8 17. Bxe4 Qxe4 18. Re1 Qe5 19. Rxe5+ dxe5 20. Nd2 Nb4
21. Qh5+ g6 22. Qxe5+ Kf7 23. Ne4 Rhe8 24. Qf6+ Kg8 25. Nd6 Rf8 26. Qe6+ Kg7 27.
Nxc8 Nxc2 28. Rc1 d3 29. Qd7+ Rf7 30. Qxd3 Nb4 31. Qd4+ Rf6 0-1

[Event "AUTO-ADV-50"]
[Site "http://www.queenalice.com/game.php?id=17871"]
[Date "2005.6.30"]
[Round "1"]
[White "refutor"]
[Black "thalys"]
[Result "1-0"]
[WhiteElo "1565"]
[BlackElo "1667"]

1. Nf3 c5 2. e4 e6 3. d4 cxd4 4. Nxd4 Nc6 5. Nc3 Qc7 6. Ndb5 Qb8 7. Be3 Bd6 8.
Nxd6+ Ke7 9. Bc5 Nf6 10. Nxc8+ Kd8 11. Nd6 b6 12. Nxf7+ 1-0

[Event "AUTO-ADV-50"]
[Site "http://www.queenalice.com/game.php?id=17872"]
[Date "2005.6.30"]
[Round "1"]
[White "thalys"]
[Black "refutor"]
[Result "0-1"]
[WhiteElo "1495"]
[BlackElo "1536"]

1. e4 c6 2. Nf3 d5 3. e5 Bf5 4. d4 e6 5. Nc3 Ne7 6. h3 Nd7 7. Bg5 h6 8. Bh4 Qb6
9. Bd3 Qxb2 10. O-O Qxc3 11. Bxf5 Nxf5 12. Rb1 Nxh4 13. Nxh4 c5 14. Rxb7 Qxd4
15. Qh5 Qxe5 16. Qg4 Bd6 17. Qxg7 Qxg7 18. Rfb1 Rg8 19. a4 Rb8 20. Rxb8+ Bxb8
21. Rxb8+ Nxb8 22. Kh2 Qg5 23. g3 Qd2 24. Kg2 Qxc2 25. Nf3 Nc6 26. h4 Nd4 27. h5
Nxf3 28. Kxf3 Qe4# 0-1

[Event "AUTO-ADV-50"]
[Site "http://www.queenalice.com/game.php?id=17887"]
[Date "2005.6.30"]
[Round "1"]
[White "Catamarca"]
[Black "thalys"]
[Result "1-0"]
[WhiteElo "1732"]
[BlackElo "1380"]

1. d4 e6 2. Bf4 d5 3. a3 c5 4. c3 Nf6 5. Bxb8 cxd4 6. Be5 Bd6 7. Bxd4 O-O 8. Qc2
Qc7 9. Bxf6 gxf6 10. Nf3 b6 11. e3 Bb7 12. Bd3 f5 13. g4 fxg4 14. Rg1 f5 15. h3
Kh8 16. hxg4 fxg4 17. Ng5 Bh2 18. Rxg4 Qe5 19. Bxh7 Bf4 20. Bg8 Bxg5 21. Qh7#
1-0

[Event "AUTO-ADV-50"]
[Site "http://www.queenalice.com/game.php?id=17888"]
[Date "2005.6.30"]
[Round "1"]
[White "thalys"]
[Black "Catamarca"]
[Result "0-1"]
[WhiteElo "1403"]
[BlackElo "1749"]

1. e4 e5 2. Nf3 d6 3. h3 Nf6 4. c3 Be7 5. d4 exd4 6. cxd4 O-O 7. Nc3 b6 8. Bd3
Nbd7 9. O-O Bb7 10. Ng5 h6 11. Nf3 c5 12. d5 a6 13. Qe2 b5 14. e5 dxe5 15. Nxe5
Nxe5 16. Qxe5 Bd6 17. Qf5 Bc8 18. Re1 Bxf5 19. Bxf5 b4 20. Ne4 Nxd5 21. Nxd6
Qxd6 22. g3 Rae8 23. Rxe8 Rxe8 24. Bf4 Nxf4 25. gxf4 Qxf4 26. Bg4 Qg5 27. Kh2
Qe5+ 28. Kg2 Qxb2 29. Rd1 Qxa2 30. Rd6 b3 31. Bd7 Re2 32. Bg4 Rxf2+ 33. Kg3 Rg2+
34. Kh4 Qf2+ 35. Kh5 Rxg4 36. hxg4 Qh2# 0-1

[Event "AUTO-ADV-50"]
[Site "http://www.queenalice.com/game.php?id=17897"]
[Date "2005.6.30"]
[Round "1"]
[White "donkiko"]
[Black "thalys"]
[Result "1-0"]
[WhiteElo "1635"]
[BlackElo "1424"]

1. c4 e6 2. Nc3 c5 3. e4 Nc6 4. Nf3 Qc7 5. Nb5 Qb8 6. d4 cxd4 7. Nbxd4 Bc5 8.
Be3 Nf6 9. Nxc6 bxc6 10. Bxc5 Nxe4 11. Ba3 Qb6 12. Qc2 Qa5+ 13. Nd2 f5 14. f3
Nxd2 15. Qxd2 Qe5+ 16. Be2 Ba6 17. Bd6 Qf6 18. O-O Rb8 19. Bxb8 O-O 20. Bd6 Rc8
21. c5 Bxe2 22. Qxe2 a5 23. Rfd1 a4 24. Be5 Qg6 25. Rxd7 h5 26. Rxg7+ Qxg7 27.
Bxg7 Kxg7 28. Qxe6 Rd8 29. Qe7+ Kh6 30. Qxd8 Kg6 31. Re1 f4 32. Re5 h4 33. Qd6+
Kg7 34. Re7+ Kf8 35. Qd8# 1-0

[Event "AUTO-ADV-50"]
[Site "http://www.queenalice.com/game.php?id=17898"]
[Date "2005.6.30"]
[Round "1"]
[White "thalys"]
[Black "donkiko"]
[Result "0-1"]
[WhiteElo "1413"]
[BlackElo "1643"]

1. e4 c5 2. Nf3 Nc6 3. c3 e5 4. d4 cxd4 5. cxd4 exd4 6. Nxd4 Bb4+ 7. Nc3 Qa5 8.
Nb3 Bxc3+ 9. Bd2 Bxd2+ 10. Nxd2 Nf6 11. Be2 Nxe4 12. O-O Qxd2 13. Qxd2 Nxd2 14.
Rfd1 Ne4 15. Bf3 Ng5 16. Bxc6 bxc6 17. Re1+ Ne6 18. f4 O-O 19. b3 Nxf4 20. g3
Ne6 21. Rac1 a5 22. Re4 Ba6 23. a3 Rab8 24. b4 d5 25. Ree1 axb4 26. axb4 Rxb4
27. Rxc6 Bd3 28. Kf2 Be4 29. Rec1 h6 30. Rc8 Rb2+ 31. Ke3 Rxc8 32. Rxc8+ Kh7 33.
Ra8 Rxh2 34. Ra7 Kg6 35. g4 Rh3+ 36. Kf2 Rf3+ 37. Ke2 Kg5 38. Ra8 Kxg4 39. Ra7
h5 0-1

[Event "AUTO-MASTER-17"]
[Site "http://www.queenalice.com/game.php?id=17966"]
[Date "2005.7.1"]
[Round "1"]
[White "chronorook"]
[Black "thalys"]
[Result "1-0"]
[WhiteElo "1727"]
[BlackElo "1428"]

1. e4 c5 2. Nf3 e6 3. d4 cxd4 4. Nxd4 Nc6 5. Bc4 Qc7 6. Nb5 Qa5+ 7. N1c3 a6 8.
Nd6+ Bxd6 9. Qxd6 Nf6 10. O-O b5 11. Bb3 b4 12. Na4 Nxe4 13. Qd3 f5 14. f3 Nc5
15. Nxc5 Qxc5+ 16. Be3 Qe7 17. Rad1 Ne5 18. Qd4 Qf6 19. f4 Ng4 20. Qc5 Qh4 21.
h3 Bb7 22. Rxd7 Nxe3 23. Rxb7 Nxf1 24. Ba4+ Kd8 25. Qc7# 1-0

[Event "AUTO-MASTER-17"]
[Site "http://www.queenalice.com/game.php?id=17967"]
[Date "2005.7.1"]
[Round "1"]
[White "thalys"]
[Black "chronorook"]
[Result "0-1"]
[WhiteElo "1401"]
[BlackElo "1752"]

1. e4 c5 2. Nf3 d6 3. c3 e5 4. d4 cxd4 5. cxd4 Qc7 6. Nc3 Nf6 7. Bg5 Be7 8. Bd3
a6 9. Nd5 Nxd5 10. Bxe7 Nxe7 11. O-O O-O 12. Rc1 Qa5 13. Ng5 Ng6 14. Qh5 h6 15.
Nf3 Nf4 16. Qh4 Nxd3 17. Rc3 Nf4 18. dxe5 Ne2+ 19. Kh1 Nxc3 20. bxc3 dxe5 21.
Qg3 Nc6 22. Nh4 Be6 23. h3 Qxa2 24. Nf5 Bxf5 25. exf5 Qe2 26. Rb1 b5 27. f6 g6
28. h4 Rad8 29. f3 Rd2 30. h5 g5 31. Rg1 b4 32. Qg4 bxc3 33. Qf5 Qf2 34. Kh2 c2
35. Qg4 Rd1 36. Rxd1 cxd1=Q 0-1

[Event "AUTO-MASTER-17"]
[Site "http://www.queenalice.com/game.php?id=17982"]
[Date "2005.7.1"]
[Round "1"]
[White "thalys"]
[Black "EdoVillarroel"]
[Result "0-1"]
[WhiteElo "1450"]
[BlackElo "1732"]

1. e4 e6 2. Nf3 d5 3. e5 c5 4. c3 Nc6 5. d4 Qb6 6. a4 cxd4 7. cxd4 Bb4+ 8. Nc3
f6 9. Bd3 Bd7 10. O-O O-O-O 11. Be3 Nge7 12. Nb5 a6 13. Nd6+ Bxd6 14. exd6 Nf5
15. Bxf5 exf5 16. Rc1 g5 17. Nd2 f4 18. Bxf4 gxf4 19. Nb3 Qb4 20. Nc5 Kb8 21. b3
Nxd4 22. Nxd7+ Rxd7 23. Qg4 f5 24. Qg7 Rxg7 25. Rfe1 Qxe1+ 26. Rxe1 Nf3+ 0-1

[Event "AUTO-MASTER-17"]
[Site "http://www.queenalice.com/game.php?id=17983"]
[Date "2005.7.1"]
[Round "1"]
[White "EdoVillarroel"]
[Black "thalys"]
[Result "1-0"]
[WhiteElo "1715"]
[BlackElo "1457"]

1. e4 c5 2. c3 e6 3. d4 d5 4. e5 Nc6 5. Nf3 cxd4 6. cxd4 Bb4+ 7. Nc3 Nge7 8. a3
Ba5 9. Bd3 O-O 10. O-O h6 11. Be3 b6 12. b4 Nxb4 13. axb4 Bxb4 14. Ne2 Bb7 15.
Ng3 Rc8 16. Rc1 f6 17. exf6 Rxf6 18. Nh5 Rf8 19. Ne5 Bd6 20. Bxh6 Bxe5 21. dxe5
d4 22. Qg4 Rf7 23. Bxg7 1-0

[Event "AUTO-MASTER-17"]
[Site "http://www.queenalice.com/game.php?id=17984"]
[Date "2005.7.1"]
[Round "1"]
[White "thalys"]
[Black "joaoreis001"]
[Result "0-1"]
[WhiteElo "1417"]
[BlackElo "1582"]

1. e4 e5 2. Nf3 f5 3. Nxe5 Nf6 4. Bc4 d5 5. exd5 Nbd7 6. d6 Nxe5 7. dxc7 Qxc7 8.
b3 Nxc4 9. bxc4 Qxc4 10. d3 Qe6+ 11. Be3 f4 12. O-O fxe3 13. fxe3 Bc5 14. Kh1
O-O 15. Nc3 Bxe3 16. Re1 Qg4 17. Rxe3 Qxd1+ 18. Rxd1 Ng4 19. Rg3 Nf2+ 20. Kg1
Nxd1 21. Nxd1 Bd7 22. Ne3 Rac8 23. Ng4 Rxc2 24. Nh6+ Kh8 25. Ng4 Rc1# 0-1

[Event "AUTO-MASTER-17"]
[Site "http://www.queenalice.com/game.php?id=17985"]
[Date "2005.7.1"]
[Round "1"]
[White "joaoreis001"]
[Black "thalys"]
[Result "1-0"]
[WhiteElo "1671"]
[BlackElo "1406"]

1. e4 c5 2. c4 e6 3. Nf3 Nc6 4. Nc3 Qc7 5. Bd3 Bd6 6. Nb5 Qb8 7. Qe2 Nd4 8. e5
Nxf3+ 9. Qxf3 Bxe5 10. O-O Bxh2+ 11. Kh1 Be5 12. Rb1 Nf6 13. Re1 a6 14. Nc3 O-O
15. Ne4 d5 16. Nxc5 Nd7 17. Nxd7 Bxd7 18. Qh5 f5 19. b3 Rf6 20. Kg1 Rh6 21. Qf3
dxc4 22. Bxc4 Bc6 23. Qe2 Rh2 24. Bxe6+ Kf8 25. Qxe5 Rxg2+ 26. Kf1 Qa7 27. d4
Re8 28. Qd6+ Re7 29. Bd5 Rxf2+ 30. Kxf2 Qxd4+ 31. Re3 Qh4+ 32. Ke2 Bb5+ 33. Bc4
Bxc4+ 34. bxc4 Qxc4+ 35. Kd2 Qxa2+ 36. Rb2 Qa5+ 37. Ke2 Kf7 38. Rxe7+ Kf8 39.
Re5+ Kf7 40. Rxb7+ 1-0

[Event "Challenge"]
[Site "http://www.queenalice.com/game.php?id=28513"]
[Date "2005.9.14"]
[Round "-"]
[White "sibeli"]
[Black "thalys"]
[Result "0-1"]
[WhiteElo "1141"]
[BlackElo "1401"]

1. e4 c5 2. Qf3 e6 3. g4 Nc6 4. c3 Qc7 5. Nh3 Bd6 6. Ng5 Nf6 7. Bd3 Bxh2 8. b3
Ne5 9. Qh3 Nxd3+ 10. Qxd3 Nxg4 11. f3 Qg3+ 12. Kd1 Nf2+ 13. Kc2 Nxd3 14. Kxd3
Qxg5 15. Rxh2 b6 16. c4 O-O 17. a4 d5 18. exd5 exd5 19. Na3 Bf5+ 20. Kc3 Qf6+
21. d4 Qxd4# 0-1

[Event "Challenge"]
[Site "http://www.queenalice.com/game.php?id=30322"]
[Date "2005.9.25"]
[Round "-"]
[White "thalys"]
[Black "Edgar"]
[Result "1-0"]
[WhiteElo "1407"]
[BlackElo "1505"]

1. e4 e5 2. Nf3 Nc6 3. Bb5 a6 4. Ba4 Nf6 5. O-O b5 6. Bb3 d5 7. exd5 Nxd5 8. Re1
f6 9. d4 Qd6 10. dxe5 fxe5 11. Bxd5 Rb8 12. Bxc6+ Qxc6 13. Nxe5 1-0